| 000 -LEADER |
| fixed length control field |
00947cam a2200277 a 4500 |
| 020 ## - INTERNATIONAL STANDARD BOOK NUMBER |
| ISBN |
0060195916 |
| 040 ## - CATALOGING SOURCE |
| Transcribing agency |
VHB |
| 082 00 - DEWEY DECIMAL CLASSIFICATION NUMBER |
| Classification number |
956 HAR 2004 A102 Or. |
| 100 1# - MAIN ENTRY--AUTHOR NAME |
| Personal name |
Hersh, Seymour M. |
| 245 10 - TITLE STATEMENT |
| Title |
Chain of command : |
| Remainder of title |
the road from 9/11 to Abu Ghraib / |
| 250 ## - EDITION STATEMENT |
| Edition statement |
1st ed. |
| 260 ## - PUBLICATION, DISTRIBUTION, ETC. (IMPRINT) |
| Place of publication |
New York : |
| Name of publisher |
HarperCollins, |
| Year of publication |
c2004. |
| 300 ## - PHYSICAL DESCRIPTION |
| Number of Pages |
xix, 394 p.: |
| Other physical details |
maps ; |
| Dimensions |
24 cm. |
| 500 ## - GENERAL NOTE |
| General note |
"Portions of this book were previously published, in somewhat different form, in The New Yorker"--T.p. verso. |
| 500 ## - GENERAL NOTE |
| General note |
Maps on end papers. |
| 500 ## - GENERAL NOTE |
| General note |
Includes index. |
| 650 #0 - SUBJECT ADDED ENTRY--TOPICAL TERM |
| Topical Term |
Iraq War, 2003-2011 |
| 650 #0 - SUBJECT ADDED ENTRY--TOPICAL TERM |
| Topical Term |
Iraq War, 2003-2011 |
| 650 #0 - SUBJECT ADDED ENTRY--TOPICAL TERM |
| Topical Term |
Prisoners of war |
| 650 #0 - SUBJECT ADDED ENTRY--TOPICAL TERM |
| Topical Term |
Prisoners of war |
| 650 #0 - SUBJECT ADDED ENTRY--TOPICAL TERM |
| Topical Term |
Terrorism |
| 650 #0 - SUBJECT ADDED ENTRY--TOPICAL TERM |
| Topical Term |
War on Terrorism, 2001-2009. |
| 856 42 - ELECTRONIC LOCATION AND ACCESS |
| Uniform Resource Identifier |
http://www.loc.gov/catdir/enhancements/fy0911/2004541382-b.html |
| 856 42 - ELECTRONIC LOCATION AND ACCESS |
| Uniform Resource Identifier |
http://www.loc.gov/catdir/enhancements/fy0911/2004541382-d.html |
| 942 ## - ADDED ENTRY ELEMENTS (KOHA) |
| Koha item type |
សៀវភៅភាសាអង់គ្លេស |
| 952 ## - LOCATION AND ITEM INFORMATION (KOHA) |
| Withdrawn status [LOCAL, KOHA] |
0 |